| Tag |
First Indicator |
Second Indicator |
Subfields |
| LEADER |
00000cgm a2200000Mi 4500 |
| 001 |
in00005516321 |
| 006 |
m o u |
| 007 |
vz |za|u| |
| 007 |
cr |za|||||||| |
| 008 |
160720s2013 txu010 f o vueng d |
| 005 |
20241105203042.0 |
| 035 |
|
|
|a (OCoLC)ocn960153530
|
| 040 |
|
|
|a UAB
|b eng
|e rda
|e pn
|c UAB
|d OCLCO
|d OCLCF
|d OCLCQ
|d UAB
|d OCLCO
|d OCL
|d SGPBL
|d OCLCQ
|d INT
|d CEF
|d OCLCQ
|d OCLCO
|d OCLCA
|d AGL
|d OCLCO
|d OCLCL
|
| 019 |
|
|
|a 1055252661
|a 1057434228
|a 1058619147
|a 1315930337
|
| 020 |
|
|
|a 9781473979277
|q (streaming video)
|
| 020 |
|
|
|a 1473979277
|q (streaming video)
|
| 035 |
|
|
|a (OCoLC)960153530
|z (OCoLC)1055252661
|z (OCoLC)1057434228
|z (OCoLC)1058619147
|z (OCoLC)1315930337
|
| 041 |
0 |
|
|j eng
|
| 050 |
|
4 |
|a QA276.25
|
| 070 |
0 |
|
|a QA276.25
|b U856 2013
|
| 082 |
0 |
4 |
|a 519.5
|2 23
|
| 049 |
|
|
|a TXAM
|
| 245 |
0 |
0 |
|a Using a Z-chart table.
|n Part 4.
|
| 264 |
|
1 |
|a Texas, USA :
|b Math Tutor DVD LLC.,
|c 2013.
|
| 300 |
|
|
|a 1 online resource (1 video file (10 min., 25 sec.)) :
|b sound, colour
|
| 336 |
|
|
|a two-dimensional moving image
|b tdi
|2 rdacontent
|
| 337 |
|
|
|a computer
|b c
|2 rdamedia
|
| 338 |
|
|
|a online resource
|b cr
|2 rdacarrier
|
| 347 |
|
|
|a video file
|2 rda
|
| 511 |
0 |
|
|a Presenter, Jason Gibson.
|
| 520 |
8 |
|
|a Jason Gibson explains how to use a Z-chart table to find the area under the normal curve. This episode focuses on how to address negative and positive Z-chart values.
|
| 521 |
|
|
|a Specialized.
|
| 546 |
|
|
|a Closed-captions in English.
|
| 588 |
0 |
|
|a Online resource; title from home page (viewed on August 12, 2016).
|
| 650 |
|
0 |
|a Statistics
|v Charts, diagrams, etc.
|
| 650 |
|
0 |
|a Statistics
|v Tables.
|
| 650 |
|
6 |
|a Statistique
|v Tableaux, graphiques, etc.
|
| 650 |
|
7 |
|a Statistics.
|2 fast
|0 (OCoLC)fst01132103
|
| 655 |
|
2 |
|a Webcast
|
| 655 |
|
4 |
|a Online media.
|
| 655 |
|
7 |
|a Charts, diagrams, etc.
|2 fast
|0 (OCoLC)fst01423732
|
| 655 |
|
7 |
|a Internet videos.
|2 fast
|0 (OCoLC)fst01750214
|
| 655 |
|
7 |
|a Nonfiction television programs.
|2 fast
|0 (OCoLC)fst01710270
|
| 655 |
|
7 |
|a Tables.
|2 fast
|0 (OCoLC)fst01423914
|
| 655 |
|
7 |
|a Nonfiction television programs.
|2 lcgft
|
| 655 |
|
7 |
|a Internet videos.
|2 lcgft
|
| 655 |
|
7 |
|a Émissions télévisées autres que de fiction.
|2 rvmgf
|
| 655 |
|
7 |
|a Vidéos sur Internet.
|2 rvmgf
|
| 700 |
1 |
|
|a Gibson, Jason
|c (Math instructor),
|e on-screen presenter.
|1 https://id.oclc.org/worldcat/entity/E39PCjD7tTh8MK3q6RjpkYB7H3
|
| 758 |
|
|
|i has work:
|a Part 4 Using a Z-chart table (MovingImage)
|1 https://id.oclc.org/worldcat/entity/E39PCFCxDYxjx4hH7QQywb7yMK
|4 https://id.oclc.org/worldcat/ontology/hasWork
|
| 856 |
4 |
0 |
|u http://proxy.library.tamu.edu/login?url=https://methods.sagepub.com/video/using-a-z-chart-table-part-4
|z Connect to this streaming video
|t 0
|
| 955 |
|
|
|a SAGE Research Methods Videos 2020
|
| 994 |
|
|
|a 92
|b TXA
|
| 999 |
f |
f |
|s 64cea9e9-d9b2-4b5d-b5fd-978397117338
|i 22e0c340-354d-4a2f-b41d-256581180a03
|t 0
|
| 952 |
f |
f |
|a Texas A&M University
|b College Station
|c Electronic Resources
|d Available Online
|t 0
|e QA276.25
|h Library of Congress classification
|
| 998 |
f |
f |
|a QA276.25
|t 0
|l Available Online
|